Loading...
| Science - Chemistry | 0 | 7 | 2 | 1 | 60 | 37 | 77.00 | 6 | 7 | 18.74 | 62.50 |
| Science - Biology | 0 | 6 | 0 | 1 | 60 | 46 | 67.83 | 4 | 6 | 20.77 | 50.00 |
| Literature - British | 0 | 6 | 1 | 2 | 55 | 89 | 105.67 | 0 | 3 | 4.16 | 25.00 |
| Science - Physics | 0 | 5 | 1 | 0 | 45 | 47 | 75.20 | 3 | 5 | 14.80 | 45.00 |
| Fine Arts - Other | 0 | 4 | 0 | 0 | 40 | 69 | 82.25 | 1 | 3 | 10.11 | 22.50 |
| Popular Culture | 0 | 4 | 0 | 0 | 40 | 23 | 72.00 | 1 | 4 | 24.85 | 37.50 |
| History - American | 0 | 4 | 0 | 0 | 40 | 43 | 63.50 | 2 | 3 | 16.47 | 27.50 |
| Science - Other | 0 | 4 | 0 | 3 | 40 | 103 | 114.50 | 0 | 3 | 0.78 | 12.50 |
| Fine Arts - Classical Music | 0 | 4 | 1 | 0 | 35 | 52 | 102.50 | 1 | 3 | 6.66 | 20.00 |
| Fine Arts - Painting and Sculpture | 0 | 4 | 1 | 0 | 35 | 44 | 81.25 | 2 | 4 | 12.19 | 30.00 |
| Social Science | 0 | 3 | 0 | 0 | 30 | 47 | 78.33 | 1 | 3 | 9.46 | 28.57 |
| Geography | 0 | 3 | 0 | 0 | 30 | 84 | 93.00 | 1 | 3 | 10.13 | 25.00 |
| Literature - American | 0 | 3 | 0 | 0 | 30 | 70 | 92.67 | 0 | 3 | 6.59 | 17.50 |
| Literature - European | 0 | 3 | 0 | 1 | 30 | 36 | 82.00 | 1 | 3 | 9.13 | 20.00 |
| Literature - World | 0 | 3 | 0 | 1 | 30 | 99 | 107.67 | 0 | 3 | 0.66 | 10.00 |
| Mythology | 0 | 3 | 1 | 2 | 25 | 93 | 98.00 | 0 | 0 | 4.59 | 7.50 |
| Religion | 0 | 4 | 3 | 0 | 25 | 26 | 73.25 | 0 | 4 | 15.40 | 25.00 |
| History - World | 0 | 3 | 2 | 0 | 20 | 17 | 39.00 | 2 | 3 | 18.69 | 25.00 |
| History - European | 0 | 2 | 0 | 0 | 20 | 89 | 97.50 | 0 | 2 | 1.52 | 10.00 |
| Philosophy | 0 | 2 | 1 | 0 | 15 | 76 | 80.00 | 0 | 1 | 5.21 | 9.38 |
| Current Events | 0 | 2 | 2 | 1 | 10 | 84 | 96.50 | 0 | 2 | 5.56 | 18.75 |
| History - Other | 0 | 1 | 2 | 0 | 0 | 92 | 92.00 | 0 | 1 | 1.64 | 5.00 |